000
00400nam a2200133Ia 4500
008
151001s9999||||xx |||||||||||||| ||und||
100
_a
राजा पारगांवकर
245
_a
सेन्सेशन
250
_a
1
260
_b
बांदोडकर पब्लिशिंग कंपनी मुंबई
260
_c
1984
300
_a
175
365
_b
18
999
_c
964201
_d
964198